|
|
|
|
| LEADER |
00000nam0a2200000 4500 |
| 001 |
202331 |
| 005 |
20231101225102.0 |
| 010 |
|
|
|a 9785394016134
|
| 035 |
|
|
|a (RuTPU)RU\TPU\book\220488
|
| 090 |
|
|
|a 202331
|
| 100 |
|
|
|a 20111010d2012 m y0rusy50 ca
|
| 101 |
0 |
|
|a rus
|
| 102 |
|
|
|a RU
|
| 105 |
|
|
|a y j 001zy
|
| 200 |
1 |
|
|a Общая психология
|e учебное пособие
|f И. Б. Котова, О. С. Канаркевич
|
| 210 |
|
|
|a Москва
|c Дашков и К
|a Ростов-на-Дону
|c Академцентр
|d 2012
|
| 215 |
|
|
|a 480 с.
|
| 320 |
|
|
|a Библиогр. в конце гл.
|
| 330 |
|
|
|a Учебное пособие соответствует Государственному образовательному стандарту. Пособие содержит системное изложение основных разделов учебного курса. Дана характеристика предмета, задач и методов психологической науки, показаны основные стадии развития психики животных, рассмотрены предпосылки развития сознания, даны основные представления о личности, показателях и условиях ее развития, тщательно изложены основные закономерности протекания психических процессов, свойств и состояний, показаны индивидуально-психологические особенности личности (темперамент, характер, способности). Для преподавателей и студентов вузов, обучающихся по специальности "Психология"'.
|
| 606 |
1 |
|
|a Психология общая
|2 stltpush
|3 (RuTPU)RU\TPU\subj\53137
|9 71487
|
| 610 |
1 |
|
|a методология
|
| 610 |
1 |
|
|a история
|
| 610 |
1 |
|
|a личность
|
| 610 |
1 |
|
|a деятельность
|
| 610 |
1 |
|
|a речь
|
| 610 |
1 |
|
|a внимание
|
| 610 |
1 |
|
|a ощущения
|
| 610 |
1 |
|
|a восприятие
|
| 610 |
1 |
|
|a память
|
| 610 |
1 |
|
|a мышление
|
| 610 |
1 |
|
|a воображение
|
| 610 |
1 |
|
|a эмоции
|
| 610 |
1 |
|
|a человек
|
| 610 |
1 |
|
|a воля
|
| 610 |
1 |
|
|a темперамент
|
| 610 |
1 |
|
|a характер
|
| 610 |
1 |
|
|a способности
|
| 610 |
1 |
|
|a учебные пособия
|
| 686 |
|
|
|a Ю93я73
|v LBC/SL-A
|2 rubbk
|
| 700 |
|
1 |
|a Котова
|b И. Б.
|
| 701 |
|
1 |
|a Канаркевич
|b О. С.
|
| 801 |
|
1 |
|a RU
|b 63413507
|c 20111010
|
| 801 |
|
2 |
|a RU
|b 63413507
|c 20150616
|g RCR
|
| 900 |
|
|
|a Психология
|
| 942 |
|
|
|c BK
|
| 951 |
|
|
|b 030300
|
| 959 |
|
|
|a 89/20111010
|d 2
|e 220,00
|f ЧЗГЛ:1
|f АНЛ:1
|